Sabrina Carpenter Songs With One Word In Title - Statistics

General Stats
  • This quiz has been taken 51 times
  • The average score is 12 of 18
Answer Stats
Album Song % Correct
Short n' Sweet Taste
88%
Short n' Sweet Espresso
85%
emails i can't send fwd: feather
82%
Short n' Sweet Juno
79%
emails i can't send vicious
79%
emails i can't send nonsense
76%
emails i can't send fwd: opposite
76%
Short n' Sweet Coincidence
67%
EVOLution Thumbs
67%
emails i can't send decode
64%
emails i can't send fwd: lonesome
64%
Singular Act I Paris
58%
Singular Act I prfct
52%
Singular Act II Exhale
48%
EVOLution Mirage
48%
EVOLution Shadows
48%
EVOLution Space
39%
Eyes Wide Open Seamless
36%
No matching quizzes found
Score Distribution
Percent of People with Each Score
Percentile by Number Answered
Your Score History
You have not taken this quiz